书目信息 |
| 题名: |
春秋韬略
|
|
| 作者: | 谭汉生 著 | |
| 分册: | ||
| 出版信息: | 武汉 长江文艺出版社 1998.09 |
|
| 页数: | 319页 | |
| 开本: | 32开 | |
| 丛书名: | ||
| 单 册: | ||
| 中图分类: | D691 | |
| 科图分类: | ||
| 主题词: | 政治--中国 | |
| 电子资源: | ||
| ISBN: | 7-5354-1631-4 | |
| 000 | 00525nam0 2200193 45 | |
| 001 | 0009031641 | |
| 005 | 20000903162520.4 | |
| 010 | @a7-5354-1631-4@d13.00元 | |
| 100 | @a20000903d1998 km y0chiy0120 ea | |
| 101 | 0 | @achi |
| 105 | @a z 000yy | |
| 200 | 1 | @a春秋韬略@AChun Qiu Tao Lue@f谭汉生著@FTan Han Sheng Zhu |
| 210 | @a武汉@c长江文艺出版社@d1998.09 | |
| 215 | @a319页@d32开 | |
| 606 | 0 | @a政治@x中国 |
| 690 | @aD691@v3 | |
| 701 | 0 | @a谭汉生@4著 |
| 801 | @aCN@bPftUser@c20000903 | |
| 905 | @b118655-664@dD691@eT784@f10 | |
| 春秋韬略/谭汉生著.-武汉:长江文艺出版社,1998.09 |
| 319页;32开 |
| ISBN 7-5354-1631-4:13.00元 |
| ● |
| 相关链接 |
|
|
|
正题名:春秋韬略
索取号:D691/T784
 
预约/预借
| 序号 | 登录号 | 条形码 | 馆藏地/架位号 | 状态 | 备注 |
| 1 | 118655 | 201186554 | 社科库509/509社科库 77排3列2层/ [索取号:D691/T784] | 在馆 | |
| 2 | 118656 | 201186563 | 社科库509/ [索取号:D691/T784] | 在馆 | |
| 3 | 118657 | 201186572 | 社科库509/509社科库 77排3列2层/ [索取号:D691/T784] | 在馆 | |
| 4 | 118658 | 201186581 | 社科库509/509社科库 77排3列2层/ [索取号:D691/T784] | 在馆 | |
| 5 | 118659 | 201186590 | 社科库509/509社科库 77排3列2层/ [索取号:D691/T784] | 在馆 | |
| 6 | 118660 | 201186607 | 社科库509/509社科库 77排3列2层/ [索取号:D691/T784] | 在馆 | |
| 7 | 118661 | 201186616 | 社科库509/509社科库 77排3列2层/ [索取号:D691/T784] | 在馆 | |
| 8 | 118662 | 201186625 | 社科库509/509社科库 77排3列2层/ [索取号:D691/T784] | 在馆 | |
| 9 | 118663 | 201186634 | 社科库509/509社科库 77排3列2层/ [索取号:D691/T784] | 在馆 | |
| 10 | 118664 | 201186643 | 社科库509/509社科库 77排3列2层/ [索取号:D691/T784] | 在馆 |